Characters in Narnia book 5 Quiz Stats

 Plays Quiz not verified by Sporcle

Score 0/27 Timer 08:00
0 Plays Today
Role Character % Correct
King of Narnia, mistakes the boy in the streets of Tashbaan for a missing PrinceKing Edmund
94.2%
Slave boy, in truth a Prince of ArchenlandShasta (Prince Cor)
93.7%
Queen of Narnia, courted by . . .Queen Susan
91.3%
The lord's horseBree
90.3%
The lion who pops in and out of the storyAslan
90.3%
Faun, dear friend of the Narnian CourtTumnus
86.4%
Queen of Narnia, meets the boy outside the Dwarves' houseQueen Lucy
86.4%
Young lady, running away to the NorthAravis
84%
Prince of Archenland (climbs into the story through a window)Prince Corin
84%
The lady's horseHwin
82%
. . . the heir to the throne of CalormenPrince Rabadash
62.6%
King of ArchenlandKing Lune
61.7%
King of Calormen (may he live for ever)The Tisroc
57.8%
Fisherman, boy's masterArsheesh
45.6%
Role Character % Correct
Tarkheena, childhood friend of the ladyLasaraleen (often called just Las)
45.1%
Long-bearded man (name not given)The Hermit of the Southern March
43.2%
The young lady's betrothed husband, from whom she is running awayGrand Vizier Ahoshta
35.4%
Lord, demands to purchase the boyAnradin Tarkaan
28.2%
Raven, also part of the CourtSallowpad
25.7%
Gentleman with the King's hunting partyLord Darrin
23.3%
Narnian courtier and LordLord Peridan
19.9%
Former Lord Chancellor, kidnapped the boy as an infantLord Bar
19.9%
Stag, runs with the news of the invasion to Cair ParavelChervy
16%
Dwarf soldier, injured on the eve of battle in a scrap with the PrinceThornbut
15.5%
Dwarf's brotherBricklethumb
12.6%
Dwarf's brotherRogin
10.7%
Dwarf, met by the boy in NarniaDuffin
5.3%

You're not logged in!

Compare scores with friends on all Sporcle quizzes.
OR
Log In

Show Comments

Extras

Top Quizzes Today


Score Distribution

Your Account Isn't Verified!

In order to create a playlist on Sporcle, you need to verify the email address you used during registration. Go to your Sporcle Settings to finish the process.

Report this User

Report this user for behavior that violates our Community Guidelines.

Details: